Universal's guide to CLAT & LL.B. entrance examination 2019-20 / (Record no. 158054)

MARC details
000 -LEADER
fixed length control field 01147nam a22002777a 4500
005 - DATE AND TIME OF LATEST TRANSACTION
control field 20190408110140.0
010 ## - LCCN (DPL NO)
LC control number ENG-124278 B-713038 B-721053
020 ## - INTERNATIONAL STANDARD BOOK NUMBER
Terms of availability 895.00
International Standard Book Number 9789386515636
020 ## - INTERNATIONAL STANDARD BOOK NUMBER
Terms of availability 950.00
035 ## - SYSTEM CONTROL NUMBER
System control number EN-107810
035 ## - SYSTEM CONTROL NUMBER
System control number B-713038
035 ## - SYSTEM CONTROL NUMBER
System control number B-721053
037 ## - SOURCE OF ACQUISITION
Source of stock number/acquisition DBAD/PUB
037 ## - SOURCE OF ACQUISITION
Source of stock number/acquisition Aksharesh Enterprises
082 ## - DEWEY DECIMAL CLASSIFICATION NUMBER
Classification number 000
100 ## - MAIN ENTRY--PERSONAL NAME
Personal name Arora, Manish
245 ## - TITLE STATEMENT
Title Universal's guide to CLAT & LL.B. entrance examination 2019-20 /
Statement of responsibility, etc by Manish Arora
250 ## - EDITION STATEMENT
Edition statement 29th ed.
260 ## - PUBLICATION, DISTRIBUTION, ETC. (IMPRINT)
Place of publication, distribution, etc Gurgaon
Name of publisher, distributor, etc Lexis Nexis
Date of publication, distribution, etc 2018
270 ## - ADDRESS
Address 14th Floor, Building No-10, Tower-B, DLF Cyber City, Phase-II
City Gurgaon
Postal code 122002
300 ## - PHYSICAL DESCRIPTION
Extent xii, 1306p.:
Dimensions 24cm(pbk)
Other physical details ill.
500 ## - GENERAL NOTE
General note More than 8500 solved questions
942 ## - ADDED ENTRY ELEMENTS (KOHA)
Source of classification or shelving scheme Dewey Decimal Classification
Item type English Books
Call number suffix ARO
Classification part 000
Holdings
Withdrawn status Lost status Not for loan Collection code Home library Current library Date acquired Source of acquisition Cost, normal purchase price Full call number Barcode Copy number Cost, replacement price Koha item type
      Non-fiction Ashok Vihar Ashok Vihar 03/01/2019 RK Books/IN2630/18-19/24-12-18/549/19-12-18/29-12-18 895.00 000 ARO B-713038 1 895.00 English Books
    Not For Loan Non-fiction D.B.Act.Division Bawana 15/10/2018 DBAD/PUB 895.00 000 ARO EN-107810 1 895.00 English Books
      Non-fiction Sarojini Nagar Sarojini Nagar 08/04/2019 Aksharesh Enterprises/0013/02-04-19/795/26-03-19/04-04-19 950.00 000 ARO B-721053 1 950.00 English Books

© Delhi Public Library
Hit Counter
free hit counter